000
00321 a2200145 4500
001
164968
020
_a
040
_c
Magnum
100
_a
Bocayuva, Pedro Claudio Cunca Et Al.
240
1
0
_a
Afinal, que pais e este ?
_l
por
245
1
0
_a
Afinal, que pais e este ?
362
0
_a
1899
697
_a
GERAL
942
_c
BK
999
_c
164968
_d
164968